000 00398nam a22001697a 4500
003 MPLRDC
005 20220104124350.0
008 210129b ||||| |||| 00| 0 eng d
082 _a911.1 STS
100 _a上田昭
245 _a实用乐理问题集
_c
250 _a初版
260 _a
_b全音乐谱出版社
_c1982
300 _b
650 _a基本乐理
942 _cBK
_o911.1 STS
999 _c18756
_d18746